Požiadavky obyvateľov Slovenskej a Českej republiky na cieľovú krajinu cestovného ruchu
Analýza a porovnanie požiadaviek obyvateľov SR a ČR na cieľovú krajinu cestovného ruchu a formulácia záverov.
Gespeichert in:
| 1. Verfasser: | |
|---|---|
| Format: | Buchkapitel |
| Sprache: | Slowakisch |
| Schlagworte: | |
| Tags: |
Keine Tags, Fügen Sie das erste Tag hinzu!
|
MARC
| LEADER | 00000naa a2200000 4500 | ||
|---|---|---|---|
| 001 | 0208171 | ||
| 005 | 20231127124623.1 | ||
| 041 | 0 | |a slo | |
| 044 | |a CZ | ||
| 245 | 1 | 0 | |a Požiadavky obyvateľov Slovenskej a Českej republiky na cieľovú krajinu cestovného ruchu |c Kristína Pompurová |
| 520 | |a Analýza a porovnanie požiadaviek obyvateľov SR a ČR na cieľovú krajinu cestovného ruchu a formulácia záverov. | ||
| 610 | 2 | 0 | |a Česko |
| 610 | 2 | 0 | |a ruch cestovný |
| 610 | 2 | 0 | |a Slovensko |
| 610 | 2 | 0 | |a manažment destinačný |
| 610 | 2 | 0 | |a analýza komparatívna |
| 100 | 1 | |a Pompurová, Kristína | |